| 000 | 01495nam a2200433 c 4500 | ||
|---|---|---|---|
| 001 | 52351 | ||
| 003 | ES-MaCES | ||
| 005 | 20251115040005.0 | ||
| 008 | 220627s2020 sp 000 | spa d | ||
| 017 |
_aM 5840-2020 _bDL |
||
| 020 | _a9788491819561 | ||
| 040 |
_aES-MaCES _bspa _cES-MaCES |
||
| 041 | 1 |
_aspa _hita |
|
| 100 | 1 |
_aBianchi, Patrizio _940396 |
|
| 245 | 1 | 0 |
_a4.0 _b: la nueva revolución industrial _cPatrizio Bianchi ; [trad. de Francisco J. Rodríguez Mesa] |
| 260 |
_aMadrid _bAlianza _c[2020] |
||
| 300 |
_a160 p. _c18 cm |
||
| 490 | 1 |
_aEl libro de bolsillo. Ciencia sociales _vCS100 |
|
| 500 | _aTraducción de: La nuova rivoluzione industriale | ||
| 541 | _cCompra | ||
| 650 | 4 |
_aglobalización económica _930653 |
|
| 650 | 4 |
_anuevas tecnologías _930788 |
|
| 650 | 4 |
_atecnología de la información _930104 |
|
| 650 | 4 |
_acambio tecnológico _928236 |
|
| 650 | 4 |
_acambio social _927286 |
|
| 650 | 4 |
_afuturo del trabajo _930756 |
|
| 650 | 4 |
_areforma económica _929791 |
|
| 650 | 4 |
_adesarrollo industrial _927623 |
|
| 650 | 4 |
_aeconomía colaborativa _937923 |
|
| 650 | 4 |
_aevaluación del impacto _930732 |
|
| 650 | 4 |
_ateoría económica _927076 |
|
| 650 | 4 |
_ateoría social _927032 |
|
| 653 | 1 | 0 | _aEconomía |
| 700 | 1 |
_940487 _aRodríguez Mesa, Francisco J. _etr. |
|
| 740 | 3 | 2 | _aLa nuova rivoluzione industriale |
| 830 | 3 |
_aEl libro de bolsillo (Alianza Editorial) _nCiencias sociales _940017 _vCS100 |
|
| 902 | _aLIB Libro | ||
| 942 |
_2CES _cBK _h0.0. |
||
| 999 |
_c52351 _d52351 |
||